| 000 | 00337nam a2200109 4500 | ||
|---|---|---|---|
| 008 | 180214b xxu||||| |||| 00| 0 eng d | ||
| 245 | _aDuterte threatens to form body to probe corruption in Ombudsman. | ||
| 260 |
_aPhilippines: _bPhilippine Daily Inquirer, _cc2017. |
||
| 300 | _apage A8. | ||
| 650 | 0 |
_926448 _aCorruption. |
|
| 942 |
_2ddc _cPER |
||
| 999 |
_c8616 _d8616 |
||